Object- oriented programming in C++ / (Record no. 209737)
[ view plain ]
| 000 -LEADER | |
|---|---|
| fixed length control field | 00951 a2200181 4500 |
| 003 - CONTROL NUMBER IDENTIFIER | |
| control field | Nust |
| 005 - DATE AND TIME OF LATEST TRANSACTION | |
| control field | 20230530123143.0 |
| 040 ## - CATALOGING SOURCE | |
| Transcribing agency | Nust |
| 082 ## - DEWEY DECIMAL CLASSIFICATION NUMBER | |
| Classification number | 005.133,LAF |
| 100 ## - MAIN ENTRY--PERSONAL NAME | |
| Personal name | Lafore, Robert |
| 9 (RLIN) | 10251 |
| 245 ## - TITLE STATEMENT | |
| Title | Object- oriented programming in C++ / |
| Statement of responsibility, etc. | Robert Lafore. |
| 250 ## - EDITION STATEMENT | |
| Edition statement | 3rd ed. / |
| 260 ## - PUBLICATION, DISTRIBUTION, ETC. | |
| Date of publication, distribution, etc. | 1999 |
| 300 ## - PHYSICAL DESCRIPTION | |
| Extent | 924p |
| 505 ## - FORMATTED CONTENTS NOTE | |
| Formatted contents note | Introduction (Page-1), The Big Picture (Page-9), C++ Programming Basics (Page-29), Loops and Decisions (Page-75), Structures (Page-131), Functions (Page-161), Objects and Classes (Page-215), Arrays and Strings (Page-263), Operator Overloading (Page-319), Inheritance (Page-371), Pointers (Page-429), Virtual Functions (Page-503), Streams and Files (Page-567), Multifile Programs (Page-633), Templates and Exceptions (Page-681), The Standard Template Library (Page-725), Object-Oriented Software Development (Page-801). |
| 650 ## - SUBJECT ADDED ENTRY--TOPICAL TERM | |
| Topical term or geographic name entry element | Object- oriented programming in C++ |
| 9 (RLIN) | 83915 |
| 942 ## - ADDED ENTRY ELEMENTS (KOHA) | |
| Source of classification or shelving scheme | |
| Koha item type | Book Bank |
| Withdrawn status | Lost status | Source of classification or shelving scheme | Damaged status | Not for loan | Permanent Location | Current Location | Shelving location | Date acquired | Total Checkouts | Full call number | Barcode | Date last seen | Date last checked out | Price effective from | Koha item type | Public note |
|---|---|---|---|---|---|---|---|---|---|---|---|---|---|---|---|---|
| Military College of Signals (MCS) | Military College of Signals (MCS) | General Stacks | 12/12/2016 | 1 | 005.133,LAF | MCS37066 | 01/06/2026 | 10/15/2025 | 12/12/2016 | Book Bank | Almirah No.108, Shelf No.3 |
